Selección española de fútbol en el Mundial de 2026 - Estadísticas

Estadísticas generales
  • Esta prueba ha sido intentada 500 veces
  • La puntuación promedio es 21 de 27
Estadísticas de respuestas
Hint Respuesta % Correcto
DEL 19 Lamine Yamal
98%
MED 20 Pedri
96%
POR 23 Unai Simón
92%
MED 9 Gavi
91%
POR 1 David Raya
89%
POR 13 Joan García
88%
DEL 17 Nico Williams
88%
DEF 24 Marc Cucurella
87%
DEL 21 Mikel Oyarzabal
85%
DEF 14 Aymeric Laporte
83%
DEF 22 Pau Cubarsí
83%
DEL 7 Ferrán Torres
82%
MED 16 Rodri
82%
DEL 10 Dani Olmo
81%
MED 6 Mikel Merino
81%
DEF 4 Eric García
78%
DT Luis de la Fuente
76%
DEL 26 Borja Iglesias
74%
DEF 5 Marcos Llorente
74%
MED 18 Martín Zubimendi
74%
DEF 3 Álex Grimaldo
71%
DEF 12 Pedro Porro
71%
MED 8 Fabián Ruiz
70%
DEF 2 Marc Pubill
69%
DEL 11 Yéremy Pino
64%
DEL 15 Álex Baena
61%
DEL 25 Víctor Muñoz
61%
No se encontraron pruebas coincidentes
Distribución de puntuación
Porcentaje de gente con cada puntuación
Porcentaje por número respondido
Historial de tus puntuaciones
No has intentado esta prueba.